<?xml version="1.0" encoding="UTF-8"?>
<record
    xmlns:xsi="http://www.w3.org/2001/XMLSchema-instance"
    xsi:schemaLocation="http://www.loc.gov/MARC21/slim http://www.loc.gov/standards/marcxml/schema/MARC21slim.xsd"
    xmlns="http://www.loc.gov/MARC21/slim">

  <leader>01368nam a2200241 a 4500</leader>
  <controlfield tag="003">DO-SdBNP</controlfield>
  <controlfield tag="005">20260205110706.0</controlfield>
  <controlfield tag="007">ta</controlfield>
  <controlfield tag="008">210716e2009    dr ad||frt||| 001 0 spa d</controlfield>
  <datafield tag="040" ind1=" " ind2=" ">
    <subfield code="a">DO-SdBNP</subfield>
    <subfield code="b">spa</subfield>
    <subfield code="c">BNPHU</subfield>
  </datafield>
  <datafield tag="041" ind1=" " ind2=" ">
    <subfield code="h">spa</subfield>
  </datafield>
  <datafield tag="082" ind1=" " ind2="4">
    <subfield code="b">R426i</subfield>
    <subfield code="2">22</subfield>
  </datafield>
  <datafield tag="110" ind1="1" ind2=" ">
    <subfield code="a">Rep&#xFA;blica Dominicana.</subfield>
    <subfield code="b">C&#xE1;mara de Cuentas</subfield>
    <subfield code="9">12254</subfield>
  </datafield>
  <datafield tag="245" ind1="1" ind2="0">
    <subfield code="a">Informe al Congreso Nacional :</subfield>
    <subfield code="b">a&#xF1;o fiscal 2009</subfield>
  </datafield>
  <datafield tag="260" ind1=" " ind2=" ">
    <subfield code="a">Santo Domingo :</subfield>
    <subfield code="b">C&#xE1;mara de Cuentas de la Rep&#xFA;blica Dominicana,</subfield>
    <subfield code="c">2009</subfield>
  </datafield>
  <datafield tag="300" ind1=" " ind2=" ">
    <subfield code="a">439 p. :</subfield>
    <subfield code="b">il., gr&#xE1;f. ;</subfield>
    <subfield code="c">28 cm</subfield>
  </datafield>
  <datafield tag="505" ind1=" " ind2=" ">
    <subfield code="t">1. Generalidades y normativas.--</subfield>
    <subfield code="t">2. Aspectos macroecon&#xF3;micos considerados.--</subfield>
    <subfield code="t">3. An&#xE1;lisis de los ingresos del Gobierno Central, a&#xF1;o 2009.--</subfield>
    <subfield code="t">4. An&#xE1;lisis del gasto de las Instituciones del Gobierno Central, Ejercicio Fiscal 2009.--   Transferencia corrientes y de capital del Gobierno Central.--</subfield>
    <subfield code="t">5. An&#xE1;lisis y evaluaci&#xF3;n de la Deuda P&#xFA;blica del a&#xF1;o 2009.--</subfield>
    <subfield code="t">6. Instituciones P&#xFA;blicas Descentralizadas y Aut&#xF3;nomas.-- An&#xE1;lisis del Gasto,--</subfield>
    <subfield code="t">7. An&#xE1;lisis de Ejecuci&#xF3;n Presupuestaria de las Entidades Municipales.--</subfield>
    <subfield code="t">8. Organizaciones no gubernamentales (ONG).--</subfield>
    <subfield code="t">9. Observaciones y recomendaciones.--</subfield>
    <subfield code="t">10. Anexos.</subfield>
  </datafield>
  <datafield tag="590" ind1=" " ind2=" ">
    <subfield code="a">Inventariado 2021 / MF</subfield>
  </datafield>
  <datafield tag="610" ind1="1" ind2="0">
    <subfield code="a">Rep&#xFA;blica Dominicana.</subfield>
    <subfield code="b">C&#xE1;mara de Cuentas</subfield>
    <subfield code="9">12254</subfield>
  </datafield>
  <datafield tag="650" ind1=" " ind2="0">
    <subfield code="a">Informes t&#xE9;cnicos</subfield>
    <subfield code="x">Redacci&#xF3;n</subfield>
    <subfield code="9">7867</subfield>
  </datafield>
  <datafield tag="910" ind1=" " ind2=" ">
    <subfield code="a">MFeliz</subfield>
  </datafield>
  <datafield tag="942" ind1=" " ind2=" ">
    <subfield code="2">ddc</subfield>
    <subfield code="c">LBS1</subfield>
  </datafield>
  <datafield tag="952" ind1=" " ind2=" ">
    <subfield code="0">0</subfield>
    <subfield code="1">0</subfield>
    <subfield code="2">ddc</subfield>
    <subfield code="5">1</subfield>
    <subfield code="7">0</subfield>
    <subfield code="8">PD</subfield>
    <subfield code="a">BNPHU</subfield>
    <subfield code="b">BNPHU</subfield>
    <subfield code="c">HD</subfield>
    <subfield code="d">2018-07-16</subfield>
    <subfield code="e">Donado por CERTV</subfield>
    <subfield code="l">0</subfield>
    <subfield code="o">R426i</subfield>
    <subfield code="p">2021-25203</subfield>
    <subfield code="r">2021-07-16</subfield>
    <subfield code="w">2021-07-16</subfield>
    <subfield code="y">LBS1</subfield>
  </datafield>
  <datafield tag="999" ind1=" " ind2=" ">
    <subfield code="c">50131</subfield>
    <subfield code="d">50131</subfield>
  </datafield>
</record>
